000
00317pam a2200133 a 4500
020
_c
041
_h
082
_b
RED
100
_a
Reddy, J.M.
245
_a
Demand Eorecasting Methods Application Cases
_h
Textual Documents
260
_a
New Delhi
_b
Light And Life Publishers
300
_a
408/CB
930
_a
10111
999
_c
116936
_d
116936